Cada cosa en su lugar / (Registro nro. 3366)
[ vista simple ]
| 000 -LEADER | |
|---|---|
| fixed length control field | 00614nam a2200205Ia 4500 |
| 003 - CONTROL NUMBER IDENTIFIER | |
| control field | OSt |
| 005 - DATE AND TIME OF LATEST TRANSACTION | |
| control field | 20200615144651.0 |
| 008 - FIXED-LENGTH DATA ELEMENTS--GENERAL INFORMATION | |
| fixed length control field | 191128s2015 ck a gr 000 j spa d |
| 020 ## - INTERNATIONAL STANDARD BOOK NUMBER | |
| International Standard Book Number | 9789589995938 |
| 040 ## - CATALOGING SOURCE | |
| Original cataloging agency | CO-JMCR |
| Transcribing agency | CO-JMCR |
| 041 0# - LANGUAGE CODE | |
| Language code of text/sound track or separate title | spa |
| 082 04 - DEWEY DECIMAL CLASSIFICATION NUMBER | |
| Classification number | H / |
| Item number | ALCc |
| 100 ## - MAIN ENTRY--PERSONAL NAME | |
| Personal name | Alcaldía Mayor de Bogotá, |
| 9 (RLIN) | 5617 |
| Relator term | autor |
| 245 10 - TITLE STATEMENT | |
| Title | Cada cosa en su lugar / |
| Statement of responsibility, etc. | Alcaldía Mayor de Bogotá |
| 260 ## - PUBLICATION, DISTRIBUTION, ETC. | |
| Place of publication, distribution, etc. | Bogotá: |
| Name of publisher, distributor, etc. | imprenta distrital, |
| Date of publication, distribution, etc. | 2015 |
| 300 ## - PHYSICAL DESCRIPTION | |
| Extent | 28 páginas |
| Other physical details | ilustracion a color ; |
| Dimensions | 20 cm. x 20 cm. |
| 490 0# - SERIES STATEMENT | |
| Series statement | Cultura ambiental |
| 650 14 - SUBJECT ADDED ENTRY--TOPICAL TERM | |
| Topical term or geographic name entry element | Historieta colombiana |
| 9 (RLIN) | 5615 |
| 942 ## - ADDED ENTRY ELEMENTS (KOHA) | |
| Source of classification or shelving scheme | Dewey Decimal Classification |
| Koha item type | Books |
| Withdrawn status | Lost status | Source of classification or shelving scheme | Damaged status | Not for loan | Collection code | Home library | Current library | Date acquired | Source of acquisition | Cost, normal purchase price | Total Checkouts | Full call number | Barcode | Date last seen | Date last checked out | Copy number | Koha item type |
|---|---|---|---|---|---|---|---|---|---|---|---|---|---|---|---|---|---|
| Dewey Decimal Classification | Fiction | Biblioteca Pública José María del Castillo y Rada | Biblioteca Pública José María del Castillo y Rada | 11/28/2019 | Donación | 0.00 | 4 | H / ALCc | 201807017 | 08/27/2024 | 08/27/2024 | Ej.1 | Books |